Central Library OPAC University of Rajshahi

The philosophy of the enlightenment : (Record no. 30545)

MARC details
000 -LEADER
fixed length control field 00778nam a2200253 a 4500
001 - CONTROL NUMBER
control field 30545
003 - CONTROL NUMBER IDENTIFIER
rucl marc code BD-RjUL
005 - DATE AND TIME OF LATEST TRANSACTION
control field 20211209051559.0
008 - FIXED-LENGTH DATA ELEMENTS--GENERAL INFORMATION
fixed length control field 140410s1973 enk 001 0 eng
020 ## - INTERNATIONAL STANDARD BOOK NUMBER
International Standard Book Number 071007493X
035 ## - SYSTEM CONTROL NUMBER
System control number (BD-RjUL)30631
040 ## - CATALOGING SOURCE
Original cataloging agency DLC
Transcribing agency DLC
Modifying agency m.c
Language of cataloging eng
041 1# - LANGUAGE CODE
Language code of text/sound track or separate title engger
082 ## - DEWEY DECIMAL CLASSIFICATION NUMBER
Classification number 171.1
Author mark and year GOP 1973
100 1# - MAIN ENTRY--PERSONAL NAME
Personal name Goldmann, Lucien.
9 (RLIN) 92796
245 14 - TITLE STATEMENT
Title The philosophy of the enlightenment :
Remainder of title the Christian burgess and the enlightenment /
Statement of responsibility, etc. Translated by Henry Maas
260 ## - PUBLICATION, DISTRIBUTION, ETC. (IMPRINT)
Place of publication, distribution, etc. London :
Name of publisher, distributor, etc. Routledge & Kegan Paul,
Date of publication, distribution, etc. 1973
300 ## - PHYSICAL DESCRIPTION
Pagination ix, 100 p. ;
Size 22 cm
500 ## - GENERAL NOTE
General note Translation of Der christliche Bürger und die Aufklärung
650 #0 - SUBJECT ADDED ENTRY--TOPICAL TERM
Topical term or geographic name as entry element Enlightenment
9 (RLIN) 92797
942 ## - ADDED ENTRY ELEMENTS (KOHA)
Source of classification or shelving scheme Dewey Decimal Classification
Koha item type Books
Holdings
Lost status Source of classification or shelving scheme Damaged status Not for loan Collection code Permanent Location Current Location Shelving location Date acquired Source of acquisition Cost, normal purchase price Total Checkouts Full call number Date last seen Copy number Koha item type Date checked out
  Dewey Decimal Classification     Non-fiction Central Library, University of Rajshahi Central Library, University of Rajshahi   22/12/1975 Gonathan 1.50   171.1 GOP 1973 10/04/2014 C-2 Books  
  Dewey Decimal Classification     Non-fiction Central Library, University of Rajshahi Central Library, University of Rajshahi   01/02/1975 Gonathan 1.25 1 171.1 GOP 1973 18/01/2018 C-3 Books 27/12/2017
  Dewey Decimal Classification   Not For Loan Non-fiction Central Library, University of Rajshahi Central Library, University of Rajshahi Reading Room 13/06/1975 Jonathan wren & co. 1.50   171.1 GOP 1973 23/04/2014 C-1 Books  
  Dewey Decimal Classification     Non-fiction Central Library, University of Rajshahi Central Library, University of Rajshahi   22/12/1975 Jonthon waren and co. ltd. London 1.50   171.1 GOP 1973 01/12/2016 C-4 Books